Регионална библиотека "Любен Каравелов" - Русе

Институциите на изпълнителната власт в континенталноевропейския конституционализъм (Запис номер 165415)

MARC детайли
000 -Лидер
Контролно поле с фиксирана дължина 01852nam a2200385 c 4500
003 - Код на организацията, давaща контролен номер
Контролно поле BLK
005 - Дата и час на последна редакция
Контролно поле 20180422114044.0
008 - Елементи от данни с фиксирана дължина
fixed length control field 180410b bul|||||r ||||||| ||bul||
010 ## - Наследен системен номер
LC control number KNG00173025000
020 ## - Международен стандартен номер на книга ISBN
Международен стандартен номер на книга ISBN 978-954-730-856-5
-- издат.: Сиби - на том (т.1)
040 ## - Източник на каталожния запис
Идентификатор на билиотеката - собственик на записа BLK
041 ## - Код за език
Код за езика на текст/звукозапис или на отделно заглавие Български
Код за езика КДБФ Български
072 #7 - Код за тематичната категория
Код организация bullib
Код за тематична категория Н34
Текст Право Н
080 ## - УДК
Текстов определител УДК Държавно право. Конституционно право. Административно право. Вж и 321 ; 35
УДК код - определител по УДК 342
УДК определител (4)
УДК - код + определител 342(4)
080 ## - УДК
Текстов определител УДК Изпълнителна власт. Екзекутивна. Управление - Държавен глава, регентство, министерски съвет, министри (задължения и дейност)
УДК код - определител по УДК 342.51
УДК определител (4)
УДК - код + определител 342.51(4)
100 1# - Редна дума - Автор
Автор Белов, Мартин Кирилов
Авторска отговорност първи автор
R(LIN) 373826
139 ## - Редно поле
Редна дума Белов, Мартин Кирилов
Авторски знак Белк - Б 35
245 10 - Сведения за заглавието
Заглавие Институциите на изпълнителната власт в континенталноевропейския конституционализъм
Подзаглавни данни Ч. 1 -
Редно поле (дума) Мартин Кирилов Белов.
Том Ч. 1
257 ## - Страна на издаване
Страна на създаване/издаване България
260 ## - Област на издателските данни
-- София
Година на издаване 2013 -
300 ## - Физическа характеристика
Размери/Мащаб 22 см
380 ## - Жанр
Жанр Обществени науки
650 #4 - Допълнително описание по предмет – тема
Основно описание – тема или топоним Конституционно право - Европа
9 (RLIN) 286239
651 #4 - Допълнително описание по предмет - топоним
Географско понятие Европа
9 (RLIN) 244407
653 ## - Ключова дума – ненормативна
Ключова дума конституционно право
653 ## - Ключова дума – ненормативна
Ключова дума изпълнителна власт
653 ## - Ключова дума – ненормативна
Ключова дума Европа
659 ## - Тематичен бюлетин
Тематичен бюлетин Н
760 1# - Описание на основната серия
-- - на том (т.1)
Редна дума на основното описание Белов, Мартин Кирилов
Място на издаване, издател и година Сиби, 2013
Страници - том 535 с. - Библиогр.: с. 520-532.
Заглавие Ч. 1
852 ## - Местоположение
Форматна сигнатура Цб 273305
856 4# - Електронен адрес и достъп
Електронен формат pdf - файл
Път до файла /url/
856 4# - Електронен адрес и достъп
Електронен формат pdf - файл
Път до файла /url/
942 ## - АРТИКУЛИ
Вид на библиотечния материал Книги
Скрит в OPAC Не
944 ## - СЪЗДАВАНЕ И РЕДАКЦИЯ на ЗАПИСА
Създаване/Редакция Създаване
Дата на регистрацията/редакция 16.03.2015
Служител, извършил регистрацията/редакцията Виолета_Тройчева
944 ## - СЪЗДАВАНЕ И РЕДАКЦИЯ на ЗАПИСА
Създаване/Редакция Редакция
Дата на регистрацията/редакция 17.07.2015
Служител, извършил регистрацията/редакцията Грета_Цуфелде
999 ## - СИСТЕМНИ КОНТРОЛНИ НОМЕРА
Koha biblionumber 165415
Koha biblioitemnumber 165415
Наличности
Код за отписване Код за изгубен артикул Код за повреда Коз за рестрикции Код за отдаване Артикулен № Име на библиотеката - собственик Име на библиотеката, в която се намира в момента Статус (Текущо местоположение) Дата на вписване в системата Местоположение - отдел Цена в лева Инвентарен номер Систематично азбучна сигнатура Баркод Номер на екземпляра Цена в евро Служебна бележка Служебен тип на артикула
  Не е изгубен Не е повреден без рестрикции ползва се в читалня 278899 Регионална библиотека "Любен Каравелов" Русе Регионална библиотека "Любен Каравелов" Русе Хранилище 2015-03-19 Хранилище 20.00 120000786437 Цб 273305 120000786437 1 10.23 Дост: Dp Вид: Д N: 33 Дата: 24.07.2014 Книги
Vip Innovations Ltd, Rousse, Bulgaria 2025